000 00668nam a2200229 u 4500
005 20230310063624.0
008 181120s2006 r 000 0 eng d
020 _a8496581373
035 _aUPN01000227947
049 _aCG
050 4 _aPR6066 E6.93
_bP4.7
100 1 _aPerry, Anne,
_d1938-
_942797
245 1 3 _aEl peso del cielo /
_cAnne Perry ; tr. Borja Folch.
260 _aBarcelona, Esp. :
_bZeta,
_c2006.
300 _a383 p.
440 0 _aBolsillo.
_pPolicíaca
534 _aTítulo original:
_tShoulder the sky
650 4 _aNovela inglesa
_94471
650 4 _aGUERRA MUNDIAL I, 1914-1918 -
_vNOVELA
_920061
905 _aLibro
999 _c200042
_d200042